Statistics for Kazakhstan Quiz

Click here to take the quiz!

General Stats

  • This quiz has been taken 16 times
    (9 since last reset)
  • The average score is 6 of 13

Answer Stats

HintAnswer% Correct
CapitolAstana
100%
LanguagesKazakh
100%
NeighborRussia, Uzbekistan, Turkmenistan,
Kyrgyzstan, China
100%
Country in which
Kazakhstan barely misses
a border by 50 kilometers
Mongolia
75%
Russian
75%
Yellow
75%
Flag colorsLight Blue
25%
Authoritarian Regime
13%
Government TypeConstitutional Republic
13%
National BirdThe Steppe Eagle
13%
National DishBesbarmaq
0%
CurrencyKazakhstani Tenge
0%
National anthem nameMenyn Kazakhstanym
0%

Score Distribution

Percentile by Number Answered

Percent of People with Each Score

Your Score History

You have not taken this quiz since the last reset